000 00520nam a22001817a 4500
003 CEME
005 20210628202740.0
008 210203b xxu||||| |||| 00| 0 eng d
020 _a0-13-375312-3
040 _c.
082 _a621.3 BOY
100 _aBoylestad, Robert.L Nashelsky, Louis
_961411
245 _aElectronics, a survey of electrical engineering principles
260 _aNEW JERSEY
_bPRENTICE HALL
_c1996
300 _aXIII,624P
650 _aELECTRIC ENGINEERING, ELECTRONICS
_961412
942 _cBK
_2ddc
999 _c570873
_d570873